[Event "Kreis-Mitte-EM"]
[Site "Zirndorf"]
[Date "2012.01.06"]
[Round "2.10"]
[White "Leis, Stefan"]
[Black "Semenova, Alisa"]
[Result "1-0"]
[WhiteElo "1873"]
[BlackElo "1310"]
[PlyCount "81"]
[EventDate "2012.??.??"]
[WhiteTeam "SC Mühlhof-R'dorf"]
[BlackTeam "SC N-T Nürnberg"]

1. d4 d5 2. e4 c6 3. e5 f6 4. Bd3 Be6 5. Ne2 Qd7 6. O-O Bf5 7. Bxf5 Qxf5 8. Ng3
Qd7 9. Qd3 e6 10. exf6 Nxf6 11. Bf4 Bd6 12. Bxd6 Qxd6 13. Nd2 O-O 14. Rae1 Nbd7
15. f4 Rac8 16. Qe3 Rce8 17. Nb3 b6 18. c3 c5 19. Qd2 Rf7 20. Nc1 b5 21. Nd3 b4
22. Ne5 Rff8 23. Rf3 bxc3 24. bxc3 Qc7 25. Ref1 Nxe5 26. fxe5 Nd7 27. Nh5 Nb6
28. Qg5 Rd8 29. Rxf8+ Rxf8 30. Rxf8+ Kxf8 31. Nf4 Qc8 32. Qg4 Kf7 33. Nh5 g6
34. Qf4+ Ke8 35. Ng7+ Kd7 36. Qf7+ Kc6 37. Nxe6 cxd4 38. Nxd4+ Kc5 39. Qxa7 Qd7
40. Qa5+ Kc4 41. Qxb6 1-0

[Event "Kreis-Mitte-EM"]
[Site "Zirndorf"]
[Date "2012.01.06"]
[Round "2.11"]
[White "Schlötterer, Hermann"]
[Black "Petrashov, Alexander"]
[Result "1-0"]
[WhiteElo "1795"]
[BlackElo "1719"]
[PlyCount "67"]
[EventDate "2012.??.??"]
[WhiteTeam "SC N-T Nürnberg"]
[BlackTeam "SW Nürnberg Süd"]

1. d4 e6 2. g3 Nf6 3. Bg2 d5 4. Nf3 c5 5. c4 Nc6 6. cxd5 Nxd5 7. O-O Be7 8. Nc3
O-O 9. e4 Nxc3 10. bxc3 cxd4 11. cxd4 Bf6 12. Bb2 Qb6 13. Rb1 Qa5 14. Qb3 Rd8
15. Bc3 Qc7 16. Rfc1 Qd7 17. d5 exd5 18. Bxf6 gxf6 19. Rd1 d4 20. Kh1 Qd6 21.
Qb5 Rb8 22. Qh5 Be6 23. a4 Bc4 24. Nh4 Ne7 25. f4 a6 26. e5 fxe5 27. fxe5 Qe6
28. Qg5+ Ng6 29. Rxb7 Qxe5 30. Nf5 Kh8 31. Kg1 f6 32. Rxh7+ Kxh7 33. Qh6+ Kg8
34. Qg7# 1-0

[Event "Kreis-Mitte-EM"]
[Site "Zirndorf"]
[Date "2012.01.06"]
[Round "2.12"]
[White "Berg, Winfried"]
[Black "Berntgen, Henri"]
[Result "1/2-1/2"]
[WhiteElo "1596"]
[BlackElo "1451"]
[PlyCount "94"]
[EventDate "2012.??.??"]
[WhiteTeam "SW Nürnberg Süd"]
[BlackTeam "SW Nürnberg Süd"]

1. c4 e5 2. g3 Nc6 3. Nc3 Nf6 4. Bg2 b6 5. d3 Bb7 6. e4 Bc5 7. Nge2 Ng4 8. O-O
Qf6 9. d4 Nxd4 10. Nxd4 exd4 11. Na4 Qg6 12. Nxc5 bxc5 13. f3 Ne5 14. b3 O-O
15. f4 Nc6 16. f5 Qf6 17. Rb1 Rab8 18. g4 h6 19. Qe1 Ne5 20. Qg3 d6 21. g5 Qd8
22. gxh6 g6 23. h7+ Kh8 24. Bh6 Kxh7 25. Bxf8 Qxf8 26. Rf4 f6 27. fxg6+ Nxg6
28. Qh3+ Kg7 29. Qd7+ Kh6 30. Qh3+ Kg7 31. Qg3 Qf7 32. Rbf1 Rf8 33. h4 Kh7 34.
Rxf6 Qxf6 35. Rxf6 Rxf6 36. Qg5 Rf7 37. Qh5+ Kg7 38. Bf3 Rf4 39. Qg5 Rxh4 40.
Bh5 Bxe4 41. Bxg6 Rh1+ 42. Kf2 Bxg6 43. Qe7+ Kh6 44. Qxc7 Rh2+ 45. Ke1 d3 46.
Qxd6 Rc2 47. Qf4+ Kh7 1/2-1/2

[Event "Kreis-Mitte-EM"]
[Site "Zirndorf"]
[Date "2012.01.06"]
[Round "2.13"]
[White "Ratscheu, Stefan"]
[Black "Meulner, Fabian"]
[Result "0-1"]
[WhiteElo "1459"]
[BlackElo "1675"]
[PlyCount "64"]
[EventDate "2012.??.??"]
[WhiteTeam "SC Postbauer-Heng"]
[BlackTeam "SW Nürnberg Süd"]

1. e4 d5 2. exd5 Nf6 3. Nf3 Nxd5 4. Be2 Nc6 5. d4 Bf5 6. c3 e6 7. O-O Be7 8.
Be3 Bf6 9. Bb5 O-O 10. Bxc6 bxc6 11. Na3 Nb6 12. Qd2 Be7 13. b4 a5 14. bxa5
Rxa5 15. Nc2 Nc4 16. Qd1 Qa8 17. Qe2 Nb6 18. Nb4 Nd5 19. Qc4 c5 20. Nxd5 exd5
21. Qe2 c4 22. Qd2 Rb8 23. Rfc1 Ba3 24. Rf1 Rb2 25. Qd1 Bc2 26. Qe1 Bd3 27. Bf4
Bxf1 28. Kxf1 Ra6 29. Be3 Qe8 30. g3 Qe4 31. Kg2 Rf6 32. Qd1 Qxe3 0-1

[Event "Kreis-Mitte-EM"]
[Site "Zirndorf"]
[Date "2012.01.06"]
[Round "2.14"]
[White "Schilay, Lorenz"]
[Black "Münzenberg, Dietrich"]
[Result "0-1"]
[WhiteElo "1413"]
[BlackElo "1596"]
[PlyCount "104"]
[EventDate "2012.??.??"]
[WhiteTeam "SK Neumarkt"]
[BlackTeam "Zabo-Eintracht N."]

1. e4 c6 2. d4 d5 3. e5 Bf5 4. Bd3 Bxd3 5. Qxd3 e6 6. Nf3 Na6 7. O-O Nc7 8. Nc3
c5 9. b3 a6 10. a4 b6 11. Bb2 Nh6 12. Rfe1 Be7 13. Ne2 O-O 14. Ng3 Kh8 15. h3
Qe8 16. c4 Rd8 17. dxc5 bxc5 18. Rad1 Qc6 19. Qc3 d4 20. Qd3 a5 21. Ne4 Na6 22.
Ba3 Nb4 23. Bxb4 axb4 24. Neg5 g6 25. Ne4 Kg7 26. g4 Qc7 27. g5 Nf5 28. Nf6 h6
29. Re4 hxg5 30. Nxg5 Rh8 31. Rg4 Qxe5 32. Nfe4 Rh4 33. Rxh4 Nxh4 34. Qg3 Qxg3+
35. fxg3 Nf5 36. Rf1 Bxg5 37. Nxg5 Rd7 38. Ne4 Rc7 39. g4 Ne3 40. Rf2 f5 41.
gxf5 gxf5 42. Nd6 Rc6 43. Nb5 e5 44. a5 Rg6+ 45. Kh2 d3 46. Nc7 d2 47. a6 d1=Q
48. Ne6+ Kh6 49. Ng5 Rxg5 50. Rf1 Qe2+ 51. Rf2 Qxf2+ 52. Kh1 Qg1# 0-1

[Event "Kreis-Mitte-EM"]
[Site "Zirndorf"]
[Date "2012.01.06"]
[Round "2.15"]
[White "Röckl, Adelbert"]
[Black "Thoma, Dirk"]
[Result "1/2-1/2"]
[WhiteElo "1548"]
[BlackElo "1468"]
[PlyCount "89"]
[EventDate "2012.??.??"]
[WhiteTeam "Zabo-Eintracht N."]
[BlackTeam "SC N-T Nürnberg"]

1. Nf3 d5 2. c4 Nf6 3. cxd5 Qxd5 4. Nc3 Qa5 5. g3 e6 6. Bg2 Be7 7. O-O O-O 8.
Qc2 c6 9. d4 Nd5 10. Nxd5 exd5 11. Bd2 Qc7 12. Rfe1 Be6 13. Bf4 Qc8 14. Ng5
Bxg5 15. Bxg5 f6 16. Bf4 g5 17. Bxb8 Rxb8 18. e4 Bh3 19. exd5 Bxg2 20. Kxg2
cxd5 21. Rac1 Qxc2 22. Rxc2 Rf7 23. Rc5 Rd8 24. f3 Rd6 25. Kf2 b6 26. Rc8+ Kg7
27. Ree8 Rdd7 28. b4 Rc7 29. Rxc7 Rxc7 30. a3 Rc2+ 31. Re2 Rxe2+ 32. Kxe2 Kf7
33. b5 h5 34. Ke3 Ke6 35. h3 Kf5 36. g4+ hxg4 37. hxg4+ Ke6 38. f4 Kd7 39. fxg5
fxg5 40. Kd3 Kc7 41. Kc3 Kb7 42. a4 Kc7 43. Kd3 Kd6 44. a5 Kc7 45. axb6+
1/2-1/2

[Event "Kreis-Mitte-EM"]
[Site "Zirndorf"]
[Date "2012.01.06"]
[Round "2.17"]
[White "Berntgen, Michael"]
[Black "Dreiseitel, Ursula"]
[Result "1/2-1/2"]
[WhiteElo "1502"]
[BlackElo "1358"]
[PlyCount "47"]
[EventDate "2012.??.??"]
[WhiteTeam "SW Nürnberg Süd"]
[BlackTeam "SC N-T Nürnberg"]

1. e4 d6 2. d4 Nf6 3. Nc3 g6 4. Nf3 Bg7 5. Bc4 O-O 6. O-O Nbd7 7. Be3 c5 8.
dxc5 Nxc5 9. Bxc5 dxc5 10. Qxd8 Rxd8 11. Rad1 Bg4 12. Be2 a6 13. h3 Be6 14. Ng5
Bd7 15. f4 h6 16. Nf3 b5 17. Nd2 c4 18. Bf3 Rac8 19. Ne2 Bc6 20. c3 Nd7 21. Nd4
Ba8 22. e5 Nc5 23. Bxa8 Rxa8 24. N2f3 1/2-1/2

[Event "Kreis-Mitte-EM"]
[Site "Zirndorf"]
[Date "2012.01.06"]
[Round "2.18"]
[White "Schilay, Eva"]
[Black "Hansen, Roland"]
[Result "0-1"]
[WhiteElo "1100"]
[BlackElo "1502"]
[PlyCount "62"]
[EventDate "2012.??.??"]
[WhiteTeam "SK Neumarkt"]
[BlackTeam "SK Schwabach 07"]

1. e4 e5 2. Nf3 Nf6 3. Nc3 Nc6 4. Bc4 Nxe4 5. Nxe4 d5 6. Bb3 dxe4 7. Ng1 Bc5 8.
d3 exd3 9. cxd3 Qf6 10. Nf3 Bg4 11. Be3 Nd4 12. Bd5 Bb4+ 13. Kf1 c6 14. Be4 Rc8
15. h3 Bh5 16. g4 Bg6 17. Bxg6 fxg6 18. Bxd4 exd4 19. a3 Bd6 20. Qe2+ Kd7 21.
Re1 Rce8 22. Qd2 Rxe1+ 23. Qxe1 Qxf3 24. Qd2 Qxh1+ 25. Ke2 Re8+ 26. Qe3 Rxe3+
27. fxe3 Qg2+ 28. Kd1 dxe3 29. Kc1 Bxa3 30. h4 Qd2+ 31. Kb1 Qxb2# 0-1

[Event "Kreis-Mitte-EM"]
[Site "Zirndorf"]
[Date "2012.01.06"]
[Round "2.19"]
[White "Ehmer, Marty"]
[Black "Männer, Tamina"]
[Result "1-0"]
[WhiteElo "1502"]
[BlackElo "986"]
[PlyCount "45"]
[EventDate "2012.??.??"]
[WhiteTeam "SW Nürnberg Süd"]
[BlackTeam "SC N-T Nürnberg"]

1. e4 e5 2. Nf3 Nc6 3. Bb5 a6 4. Bxc6 dxc6 5. O-O Bd6 6. d4 exd4 7. Qxd4 f6 8.
Nc3 c5 9. Qd3 Be6 10. Re1 Qd7 11. e5 fxe5 12. Nxe5 Qe7 13. Nd5 Qf8 14. Ng6 hxg6
15. Qxg6+ Kd8 16. Qxe6 Rh5 17. Qg4 Rxd5 18. Bg5+ Ne7 19. Re6 Qh8 20. g3 g6 21.
Rae1 Re5 22. Bxe7+ Bxe7 23. R1xe5 1-0

[Event "Kreis-Mitte-EM"]
[Site "Zirndorf"]
[Date "2012.01.06"]
[Round "2.21"]
[White "Siegl, Adrian"]
[Black "Schilay, Erich"]
[Result "1-0"]
[WhiteElo "1476"]
[BlackElo "799"]
[PlyCount "67"]
[EventDate "2012.??.??"]
[WhiteTeam "SW Nürnberg Süd"]
[BlackTeam "SK Neumarkt"]

1. e4 e5 2. Nf3 h6 3. Nxe5 Nf6 4. Bc4 d5 5. exd5 Nxd5 6. Qf3 Be6 7. Nc3 c6 8.
Nxd5 cxd5 9. Bb5+ Nc6 10. Nxc6 bxc6 11. Bxc6+ Ke7 12. b3 Qc8 13. Bxa8 Qxa8 14.
O-O Kd7 15. c4 Bc5 16. Bb2 Rg8 17. d4 Be7 18. Rac1 Bg5 19. cxd5 Bxd5 20. Qf5+
Be6 21. Qb5+ Ke7 22. Ba3+ Kf6 23. f4 Qd5 24. fxg5+ Kxg5 25. Rc5 Rd8 26. Rxd5+
Rxd5 27. Qd3 Bf5 28. h4+ Kg6 29. h5+ Kf6 30. Qe3 g6 31. g4 g5 32. Qe7+ Kg7 33.
Qf8+ Kf6 34. Qxh6# 1-0

[Event "Kreis-Mitte-EM"]
[Site "Zirndorf"]
[Date "2012.01.06"]
[Round "3.1"]
[White "Saathoff, Richard"]
[Black "Leis, Stefan"]
[Result "1-0"]
[WhiteElo "2109"]
[BlackElo "1873"]
[PlyCount "85"]
[EventDate "2012.??.??"]
[WhiteTeam "SW Nürnberg Süd"]
[BlackTeam "SC Mühlhof-R'dorf"]

1. e4 c5 2. Nf3 d6 3. d4 cxd4 4. Nxd4 Nf6 5. Nc3 g6 6. Be3 Bg7 7. f3 Nc6 8. Qd2
Bd7 9. O-O-O Rc8 10. g4 O-O 11. h4 Re8 12. h5 Ne5 13. hxg6 fxg6 14. Nd5 e6 15.
Nxf6+ Qxf6 16. Be2 a6 17. g5 Qf7 18. Rh4 Nc4 19. Bxc4 Rxc4 20. Rdh1 e5 21. Ne2
Bf8 22. Nc3 Be6 23. f4 Rcc8 24. Qh2 Re7 25. f5 Rxc3 26. bxc3 Bxa2 27. Qd2 Bc4
28. Bb6 Rd7 29. Qf2 Bb5 30. Rxh7 Qxh7 31. Rxh7 Rxh7 32. Bd8 Bc4 33. Bf6 a5 34.
fxg6 Rh1+ 35. Kd2 a4 36. Qa7 Rh2+ 37. Ke3 d5 38. exd5 Bxd5 39. Bxe5 Rh3+ 40.
Kd4 Bc6 41. Qa8 Rh4+ 42. Kd3 Be4+ 43. Kd2 1-0

[Event "Kreis-Mitte-EM"]
[Site "Zirndorf"]
[Date "2012.01.06"]
[Round "3.2"]
[White "Diehl, Achim"]
[Black "Wagner, Hans"]
[Result "1/2-1/2"]
[WhiteElo "1959"]
[BlackElo "2096"]
[PlyCount "61"]
[EventDate "2012.??.??"]
[WhiteTeam "SW Nürnberg Süd"]
[BlackTeam "SC Stein"]

1. e4 e5 2. Nf3 Nc6 3. Bc4 Nf6 4. d3 Bb4+ 5. c3 Be7 6. Bb3 O-O 7. O-O d6 8. Re1
Nd7 9. d4 Bf6 10. Be3 Na5 11. Bc2 Nc4 12. Bc1 Re8 13. Qd3 Ncb6 14. Nbd2 Nf8 15.
Nf1 Bg4 16. dxe5 dxe5 17. Qe2 Ng6 18. h3 Be6 19. Ne3 Nf4 20. Qf1 Qc8 21. c4 c6
22. b3 g6 23. Bb2 Bg7 24. Ng5 h6 25. Nxe6 Nxe6 26. Rad1 Qc7 27. Rd2 Rad8 28.
Rde2 Nd4 29. Bb1 h5 30. Nc2 Ne6 31. Ne3 1/2-1/2

[Event "Kreis-Mitte-EM"]
[Site "Zirndorf"]
[Date "2012.01.06"]
[Round "3.3"]
[White "Erlbeck, Peter"]
[Black "Babichev, Vyacheslav"]
[Result "1-0"]
[WhiteElo "2025"]
[BlackElo "1689"]
[PlyCount "111"]
[EventDate "2012.??.??"]
[WhiteTeam "SW Nürnberg Süd"]
[BlackTeam "SW Nürnberg Süd"]

1. e4 e5 2. Nf3 Nc6 3. Bb5 Nf6 4. O-O Nxe4 5. d4 Nd6 6. Bxc6 dxc6 7. dxe5 Nf5
8. Qxd8+ Kxd8 9. Nc3 Ke8 10. Bf4 h5 11. Rad1 Bd7 12. Rfe1 Rd8 13. Ng5 Be7 14.
e6 Bxe6 15. Rxd8+ Bxd8 16. Nxe6 fxe6 17. Rxe6+ Kf7 18. Re2 Nd4 19. Rd2 Re8 20.
Kf1 Ne6 21. Rd7+ Re7 22. Rxe7+ Bxe7 23. Ne2 Bf6 24. b3 g5 25. Be3 c5 26. Ng3
Kg6 27. Ne4 Be7 28. f3 b6 29. Ke2 Nf4+ 30. Bxf4 gxf4 31. Kd3 Kf5 32. Kc4 c6 33.
a4 a5 34. Kd3 Ke5 35. Nd2 b5 36. c4 b4 37. Ne4 Kf5 38. g3 Ke5 39. Nf2 fxg3 40.
hxg3 h4 41. gxh4 Bxh4 42. Ne4 Kf4 43. Nxc5 Bf2 44. Nb7 Bb6 45. c5 Bc7 46. Nd6
Kxf3 47. Nc8 Kf2 48. Ne7 Ke1 49. Nxc6 Kd1 50. Kc4 Kc1 51. Nxb4 axb4 52. Kxb4
Kd2 53. a5 Kd3 54. a6 Bb8 55. Kb5 Kd4 56. c6 1-0

[Event "Kreis-Mitte-EM"]
[Site "Zirndorf"]
[Date "2012.01.06"]
[Round "3.4"]
[White "Bolten, Daniel"]
[Black "Rausch, Wolfgang jr"]
[Result "1/2-1/2"]
[WhiteElo "1889"]
[BlackElo "2005"]
[PlyCount "66"]
[EventDate "2012.??.??"]
[WhiteTeam "SW Nürnberg Süd"]
[BlackTeam "SC N-T Nürnberg"]

1. c4 e6 2. Nf3 d5 3. g3 c6 4. Bg2 Nd7 5. d3 g6 6. O-O Bg7 7. Nc3 Ne7 8. Qc2
O-O 9. e4 d4 10. Ne2 e5 11. Nd2 c5 12. f4 f6 13. f5 Nb8 14. g4 Na6 15. a3 Bh6
16. Nf3 Bxc1 17. Qxc1 Kg7 18. Ng3 Qd6 19. Nh4 g5 20. Nh5+ Kf7 21. Nf3 Rg8 22.
Qd2 Bd7 23. Rab1 Raf8 24. b4 Ke8 25. Rb2 Nc8 26. b5 Nb8 27. Ra1 Ke7 28. a4 Be8
29. Ng3 h6 30. Bf1 Rf7 31. Qg2 Kd8 32. Be2 Rh7 33. Nh5 Bxh5 1/2-1/2

[Event "Kreis-Mitte-EM"]
[Site "Zirndorf"]
[Date "2012.01.06"]
[Round "3.5"]
[White "Nüßlein, Christian"]
[Black "Lais, Thomas"]
[Result "0-1"]
[WhiteElo "1608"]
[BlackElo "1959"]
[PlyCount "80"]
[EventDate "2012.??.??"]
[WhiteTeam "SG Nürnberg 1978"]
[BlackTeam "SW Nürnberg Süd"]

1. b4 e5 2. Bb2 d6 3. c4 Nf6 4. e3 Be7 5. Be2 O-O 6. d3 Nbd7 7. Nd2 d5 8. b5
dxc4 9. dxc4 e4 10. Nh3 Nc5 11. Qc2 Bg4 12. Bd4 Bxe2 13. Kxe2 Qd7 14. Rhd1 Qf5
15. Kf1 Rfe8 16. Kg1 Qg4 17. f3 exf3 18. Nxf3 Ne6 19. Bb2 Rad8 20. Ne5 Qe4 21.
Qxe4 Nxe4 22. Nf2 Nxf2 23. Kxf2 Bf6 24. Nd3 Rxd3 25. Rxd3 Bxb2 26. Rb1 Be5 27.
Ra3 Bd6 28. Rxa7 b6 29. a4 f5 30. g3 Nc5 31. a5 bxa5 32. Rxa5 Ne4+ 33. Kg2 Nd2
34. Rba1 Nxc4 35. Ra8 Rxa8 36. Rxa8+ Kf7 37. Kf3 h6 38. Ke2 Bc5 39. Ra6 Bb6 40.
Kd3 Nd6 0-1

[Event "Kreis-Mitte-EM"]
[Site "Zirndorf"]
[Date "2012.01.06"]
[Round "3.6"]
[White "Siegl, Melina"]
[Black "Schlötterer, Hermann"]
[Result "1-0"]
[WhiteElo "1692"]
[BlackElo "1795"]
[PlyCount "79"]
[EventDate "2012.??.??"]
[WhiteTeam "SW Nürnberg Süd"]
[BlackTeam "SC N-T Nürnberg"]

1. e4 c5 2. Nf3 Nc6 3. d4 cxd4 4. Nxd4 Nf6 5. Nc3 e5 6. Ndb5 d6 7. Nd5 Nxd5 8.
exd5 Nb8 9. c4 Be7 10. Bd3 O-O 11. O-O f5 12. f3 Nd7 13. Be3 b6 14. b4 a6 15.
Nc3 Kh8 16. Qc2 g6 17. Qb2 Rb8 18. f4 Bf6 19. fxe5 Nxe5 20. Be2 Re8 21. Bf4 g5
22. Bxe5 Rxe5 23. Bd3 Qe7 24. Qd2 Bd7 25. Rae1 Re8 26. Rxe5 Qxe5 27. Ne2 f4 28.
Qc2 Bg4 29. Nc1 Qd4+ 30. Kh1 Re3 31. Bxh7 f3 32. Qg6 fxg2+ 33. Kxg2 Qd2+ 34.
Kg1 Rg3+ 35. hxg3 Bd4+ 36. Kh1 Bf3+ 37. Rxf3 Qxc1+ 38. Kg2 Qd2+ 39. Kh3 g4+ 40.
Kxg4 1-0

[Event "Kreis-Mitte-EM"]
[Site "Zirndorf"]
[Date "2012.01.06"]
[Round "3.7"]
[White "Karasek, Christian"]
[Black "Luther, Helmut"]
[Result "1/2-1/2"]
[WhiteElo "1991"]
[BlackElo "1913"]
[PlyCount "73"]
[EventDate "2012.??.??"]
[WhiteTeam "SC N-T Nürnberg"]
[BlackTeam "SW Nürnberg Süd"]

1. e4 d5 2. exd5 Qxd5 3. Nc3 Qa5 4. d4 Nf6 5. Nf3 c6 6. Bc4 Bf5 7. Ne5 e6 8. g4
Be4 9. Rg1 Bd5 10. Bd3 Nbd7 11. Nxd7 Nxd7 12. Bd2 Qc7 13. f4 Bd6 14. Nxd5 cxd5
15. Qf3 Qb6 16. Bc3 Bb4 17. Kd2 Qxd4 18. a3 Bxc3+ 19. bxc3 Qc5 20. Rgb1 Rc8 21.
Bb5 Rc7 22. Rb3 a6 23. Bd3 Qe7 24. Re1 Nc5 25. Rb4 Nxd3 26. cxd3 O-O 27. Reb1
Re8 28. R4b3 b5 29. Qf2 Qf6 30. g5 Qf5 31. Qe3 a5 32. Qd4 Qh3 33. Rxb5 Qxh2+
34. Ke3 Qg3+ 35. Kd2 Qg2+ 36. Ke3 Qg3+ 37. Kd2 1/2-1/2

[Event "Kreis-Mitte-EM"]
[Site "Zirndorf"]
[Date "2012.01.06"]
[Round "3.8"]
[White "Dietrich, Thomas"]
[Black "Thürauf, Peter"]
[Result "1/2-1/2"]
[WhiteElo "1524"]
[BlackElo "1826"]
[PlyCount "63"]
[EventDate "2012.??.??"]
[WhiteTeam "SC Anderssen Nbg."]
[BlackTeam "SW Nürnberg Süd"]

1. e4 c5 2. c3 Nf6 3. e5 Nd5 4. d4 cxd4 5. Nf3 Nc6 6. cxd4 d6 7. h3 e6 8. Bc4
Nb6 9. Bb5 a6 10. Bxc6+ bxc6 11. O-O Be7 12. Nc3 O-O 13. Ne4 d5 14. Ng3 c5 15.
b3 Bd7 16. Ba3 Bb5 17. Re1 c4 18. Bxe7 Qxe7 19. a4 Bc6 20. a5 Nd7 21. Qc2 Bb5
22. Rec1 Rac8 23. Nd2 Nb8 24. Qa2 c3 25. Nb1 Qb4 26. Na3 Qxa5 27. Nxb5 Qxb5 28.
Ne2 Qb4 29. Qa4 a5 30. Qxa5 Qxb3 31. Qa3 Qb2 32. Ra2 1/2-1/2

[Event "Kreis-Mitte-EM"]
[Site "Zirndorf"]
[Date "2012.01.06"]
[Round "3.9"]
[White "Schanz, Karlheinz"]
[Black "Hansen, Roland"]
[Result "1-0"]
[WhiteElo "1782"]
[BlackElo "1502"]
[PlyCount "78"]
[EventDate "2012.??.??"]
[WhiteTeam "SC Mühlhof-R'dorf"]
[BlackTeam "SK Schwabach 07"]

1. e4 e5 2. Nf3 Nf6 3. Nc3 Nc6 4. Bc4 Nxe4 5. Bxf7+ Kxf7 6. Nxe4 d5 7. Neg5+
Kg8 8. d3 h6 9. Nh3 Bg4 10. Nhg1 Bc5 11. h3 Bh5 12. g4 Bg6 13. c3 Qf6 14. Rh2
e4 15. d4 Bd6 16. Ne5 Nxe5 17. dxe5 Bxe5 18. Rg2 Qe6 19. Qb3 b6 20. Be3 Kh7 21.
O-O-O Bf7 22. Ne2 c5 23. Kb1 Rhd8 24. h4 d4 25. Qxe6 Bxe6 26. cxd4 Rd7 27. g5
cxd4 28. Bf4 Bxf4 29. Nxf4 Bf5 30. Ka1 Rad8 31. gxh6 gxh6 32. Nh5 Rf8 33. b3
Bg6 34. Ng3 Rd5 35. Kb2 Rfd8 36. Nf1 Bh5 37. Rd2 Bf3 38. Rg3 R5d7 39. Nh2 Bh5
1-0

[Event "Kreis-Mitte-EM"]
[Site "Zirndorf"]
[Date "2012.01.06"]
[Round "3.10"]
[White "Dreiseitel, Werner"]
[Black "Ahlich, Thomas"]
[Result "0-1"]
[WhiteElo "1494"]
[BlackElo "1762"]
[PlyCount "92"]
[EventDate "2012.??.??"]
[WhiteTeam "SC N-T Nürnberg"]
[BlackTeam "Zabo-Eintracht N."]

1. d4 Nf6 2. c4 e6 3. Nc3 Bb4 4. Qc2 d5 5. e3 O-O 6. Bd3 b6 7. Nf3 Bb7 8. Qe2
dxc4 9. Bxc4 Ne4 10. Bd2 Nxd2 11. Qxd2 Nd7 12. Be2 Qf6 13. O-O Rfd8 14. Qc2
Rac8 15. Rac1 c5 16. Qa4 a6 17. dxc5 Bxc5 18. Rfd1 b5 19. Qh4 Be7 20. Qxf6 Bxf6
21. Nd4 Nb6 22. b3 b4 23. Nb1 Rxc1 24. Rxc1 Bxd4 25. exd4 Rxd4 26. Rd1 Rxd1+
27. Bxd1 a5 28. Nd2 Ba6 29. Bc2 Kf8 30. f3 g6 31. Ne4 Nd5 32. Nc5 Bc8 33. Nd3
Nc3 34. Nc1 Ke7 35. Kf2 Kd6 36. Ke3 Ba6 37. Bd3 Bxd3 38. Kxd3 Kd5 39. a3 e5 40.
axb4 axb4 41. Ke3 f5 42. Nd3 Na2 43. g3 e4 44. fxe4+ fxe4 45. h4 exd3 46. Kxd3
h5 0-1

[Event "Kreis-Mitte-EM"]
[Site "Zirndorf"]
[Date "2012.01.06"]
[Round "3.11"]
[White "Weißmann, Peter"]
[Black "Ehmer, Marty"]
[Result "1-0"]
[WhiteElo "1762"]
[BlackElo "1502"]
[PlyCount "67"]
[EventDate "2012.??.??"]
[WhiteTeam "SK Zirndorf"]
[BlackTeam "SW Nürnberg Süd"]

1. e4 e6 2. d4 d5 3. Nd2 c5 4. dxc5 Bxc5 5. Nb3 Bb6 6. exd5 Nf6 7. Bb5+ Bd7 8.
Bxd7+ Qxd7 9. Nf3 O-O 10. O-O Qxd5 11. Bg5 Nbd7 12. Qe2 h6 13. Rad1 Qf5 14. Bh4
Rac8 15. c3 Nc5 16. Nbd4 Qh5 17. Bxf6 gxf6 18. Nb5 e5 19. Nd6 Rc7 20. Qc2 Rd8
21. Ne4 Rc6 22. Rxd8+ Bxd8 23. Nxc5 Rxc5 24. Re1 Bb6 25. Qe4 Rb5 26. b3 f5 27.
Qh4 Qg6 28. Nxe5 Qe6 29. Nf3 Qd6 30. c4 Bd8 31. Re8+ Kg7 32. Rxd8 Qc6 33. Qg3+
Kf6 34. Rd6+ 1-0

[Event "Kreis-Mitte-EM"]
[Site "Zirndorf"]
[Date "2012.01.06"]
[Round "3.12"]
[White "Meulner, Fabian"]
[Black "Siegl, Adrian"]
[Result "1/2-1/2"]
[WhiteElo "1675"]
[BlackElo "1476"]
[PlyCount "42"]
[EventDate "2012.??.??"]
[WhiteTeam "SW Nürnberg Süd"]
[BlackTeam "SW Nürnberg Süd"]

1. Nf3 d5 2. c4 dxc4 3. e4 Nc6 4. Bxc4 Nf6 5. d3 e6 6. O-O Bc5 7. Nc3 O-O 8.
Be3 Bb6 9. Qe2 e5 10. Bxb6 axb6 11. h3 Re8 12. Rac1 Bd7 13. a3 Nh5 14. Qe3 Nf4
15. d4 Qf6 16. dxe5 Nxe5 17. Nxe5 Rxe5 18. Rcd1 Bc6 19. Kh2 Rae8 20. f3 Qg5 21.
Qg1 h5 1/2-1/2

[Event "Kreis-Mitte-EM"]
[Site "Zirndorf"]
[Date "2012.01.06"]
[Round "3.13"]
[White "Berntgen, Henri"]
[Black "Walch, Roger"]
[Result "1-0"]
[WhiteElo "1451"]
[BlackElo "1652"]
[PlyCount "49"]
[EventDate "2012.??.??"]
[WhiteTeam "SW Nürnberg Süd"]
[BlackTeam "SW Nürnberg Süd"]

1. e4 e6 2. d4 d5 3. exd5 exd5 4. Bd3 Be7 5. Nf3 Bg4 6. Bf4 Nf6 7. Nbd2 Nbd7 8.
h3 Bh5 9. c3 c5 10. dxc5 O-O 11. b4 d4 12. c4 a5 13. a3 Bg6 14. Bxg6 fxg6 15.
O-O Nh5 16. Bd6 Bxd6 17. cxd6 Qf6 18. Ne4 Qf5 19. Qxd4 Kh8 20. c5 Rae8 21. Nc3
Qf7 22. Nd5 Re6 23. Ng5 Qf5 24. Nxe6 Qxe6 25. Rae1 1-0

[Event "Kreis-Mitte-EM"]
[Site "Zirndorf"]
[Date "2012.01.06"]
[Round "3.15"]
[White "Semenova, Alisa"]
[Black "Röckl, Adelbert"]
[Result "1/2-1/2"]
[WhiteElo "1310"]
[BlackElo "1548"]
[PlyCount "46"]
[EventDate "2012.??.??"]
[WhiteTeam "SC N-T Nürnberg"]
[BlackTeam "Zabo-Eintracht N."]

1. e4 Nf6 2. e5 Nd5 3. Bc4 c6 4. Nf3 d6 5. d4 Bg4 6. Qd3 e6 7. Bxd5 cxd5 8.
Qb5+ Qd7 9. Qxd7+ Nxd7 10. Nbd2 dxe5 11. dxe5 Bc5 12. b3 h6 13. Bb2 Bf5 14. c4
Nb6 15. Nd4 Bxd4 16. Bxd4 dxc4 17. Bxb6 axb6 18. Nxc4 O-O 19. Nxb6 Ra5 20. O-O
Rd8 21. Rfe1 Rd4 22. f3 Rb4 23. Nc4 Ra7 1/2-1/2

[Event "Kreis-Mitte-EM"]
[Site "Zirndorf"]
[Date "2012.01.06"]
[Round "3.16"]
[White "Dreiseitel, Ursula"]
[Black "Berg, Winfried"]
[Result "0-1"]
[WhiteElo "1358"]
[BlackElo "1596"]
[PlyCount "124"]
[EventDate "2012.??.??"]
[WhiteTeam "SC N-T Nürnberg"]
[BlackTeam "SW Nürnberg Süd"]

1. d4 e6 2. c4 f5 3. Nc3 d6 4. Nf3 Nf6 5. g3 Be7 6. Bg2 O-O 7. O-O Qe8 8. Bf4
Nh5 9. Bd2 Qg6 10. Qc2 Nf6 11. Rac1 Na6 12. a3 c5 13. d5 e5 14. Nh4 Qh5 15. f4
e4 16. Rf2 Ng4 17. Rff1 Bxh4 18. gxh4 Rf6 19. h3 Nh6 20. Be1 Bd7 21. e3 Nf7 22.
Kh2 h6 23. Qe2 Qxe2 24. Nxe2 g5 25. fxg5 hxg5 26. hxg5 Nxg5 27. Nf4 Rh6 28. Rc2
Kf7 29. Rh1 Ba4 30. Rc1 Nc7 31. Bc3 b5 32. Kg1 Rg8 33. Kf2 bxc4 34. Ba5 Nb5 35.
Rxc4 Bb3 36. Rcc1 Rgh8 37. Bc3 Nxc3 38. Rxc3 Ba4 39. Rc4 Bb5 40. Rc3 Kf6 41. b3
Nf7 42. b4 c4 43. Ra1 Ne5 44. a4 Be8 45. b5 Bf7 46. Rd1 Rc8 47. Bf1 Nd3+ 48.
Ke2 Nxf4+ 49. exf4 Rc5 50. Kf2 Rxd5 51. Rxd5 Bxd5 52. Kg3 Rg6+ 53. Kf2 Rg7 54.
a5 Rb7 55. Bxc4 Bxc4 56. Rxc4 Rxb5 57. Rd4 Ke6 58. Kg3 Rxa5 59. Kh4 e3 60. Kg5
Rd5 61. Ra4 e2 62. Rxa7 e1=Q 0-1

[Event "Kreis-Mitte-EM"]
[Site "Zirndorf"]
[Date "2012.01.06"]
[Round "3.17"]
[White "Thoma, Dirk"]
[Black "Berntgen, Michael"]
[Result "0-1"]
[WhiteElo "1468"]
[BlackElo "1502"]
[PlyCount "56"]
[EventDate "2012.??.??"]
[WhiteTeam "SC N-T Nürnberg"]
[BlackTeam "SW Nürnberg Süd"]

1. d4 d5 2. Nf3 Nf6 3. c4 c6 4. Bg5 dxc4 5. Bxf6 exf6 6. e3 b5 7. g3 Be6 8. Bg2
Bd6 9. Nbd2 O-O 10. O-O Nd7 11. Qc2 Qb6 12. e4 Rac8 13. Rfe1 Rfe8 14. a3 Qc7
15. Rad1 Nb6 16. Nb1 a5 17. e5 Be7 18. Nc3 Nd5 19. exf6 Bxf6 20. Ne5 Rcd8 21.
Ne4 Bxe5 22. dxe5 Qxe5 23. Nc5 Qc7 24. Be4 Nf6 25. Bf3 Bd5 26. Rxe8+ Rxe8 27.
Bg2 Qe7 28. Bxd5 Nxd5 0-1

[Event "Kreis-Mitte-EM"]
[Site "Zirndorf"]
[Date "2012.01.06"]
[Round "3.19"]
[White "Männer, Tamina"]
[Black "Ratscheu, Stefan"]
[Result "0-1"]
[WhiteElo "986"]
[BlackElo "1459"]
[PlyCount "44"]
[EventDate "2012.??.??"]
[WhiteTeam "SC N-T Nürnberg"]
[BlackTeam "SC Postbauer-Heng"]

1. e4 e5 2. Nf3 Nc6 3. Bc4 Nf6 4. Ng5 d5 5. exd5 Nd4 6. c3 b5 7. Bd3 Nf5 8.
Bxb5+ Bd7 9. Bxd7+ Qxd7 10. d4 exd4 11. O-O Be7 12. cxd4 O-O 13. Nc3 Nxd5 14.
Nxd5 Qxd5 15. Qd3 h6 16. Nf3 c5 17. Be3 Rad8 18. Bf4 Bf6 19. Be5 Bxe5 20. Nxe5
Qxe5 21. Rfe1 Qf6 22. Re5 Qxe5 0-1